000 00541nam a22001937a 4500
003 OSt
005 20140310182842.0
008 130608t xxu||||| |||| 00| 0 eng d
050 _aRC 608
_b.Se444 1951
082 _aM 616.8982
_bSe2 1968
245 _aAutobiography of a Schizophrenic girl
_cSechehaye, Marguerite
260 _aNew York, New York :
_bGrune and Stratton, Inc.,
_cc1951.
300 _a126 p. :
_c18 cm.
521 _aCollege Students
526 _c1210L-1700L
541 _j1
562 _e1
942 _2lcc
_cBK
_kM
999 _c16877
_d16877